| 000 | 00439nam a2200157 i 4500 | ||
|---|---|---|---|
| 001 | 128288 | ||
| 003 | ES-MaACL | ||
| 005 | 20230906193226.0 | ||
| 007 | t| | ||
| 008 | 070628s1907 it ||||1| ita d | ||
| 100 | 1 |
_aZoccoli, Ettore. _9118321 |
|
| 245 | 1 | 1 |
_aL'anarchia _b: gli agitatori. Le idee. I fatti... / _cEttore Zoccoli. |
| 260 |
_a[Torino : _bVicenzo Bona], _c1907. |
||
| 300 |
_a528 p. ; _c24 cm. |
||
| 852 |
_aES-MaACL _jF-5950 |
||
| 999 |
_c128288 _d128288 |
||